| 000 | 00413nam a22001697a 4500 | ||
|---|---|---|---|
| 003 | MPLRDC | ||
| 005 | 20220104180617.0 | ||
| 008 | 210129b ||||| |||| 00| 0 eng d | ||
| 082 | _a524.9563 ARM 1979* | ||
| 100 | _aE. ARMITAGE | ||
| 245 |
_aFIZIK AMALI DALAM UNIT SI _c |
||
| 250 | _a初版 | ||
| 260 |
_a _bEASTERN UNIVERSITIES PRESS _c1979 |
||
| 300 | _b平 | ||
| 650 | _a | ||
| 942 |
_cBK _o524.9563 ARM 1979* |
||
| 999 |
_c61005 _d60995 |
||